000 nam a22 a 4500
999 _c172243
_d172243
003 BLK
005 20220630085358.0
008 180411b bul|||||r ||||||| ||bul||
010 _aKNG00180553000
040 _aBLK
041 _aBUL
_cBUL
080 _aИстория в основното училище. Методика на обучението по история
_b372.893
_x(072)
_z372.893(072)
139 _aПърви стъпки в родната история
_bП 97
245 1 0 _aПърви стъпки в родната история
_cСъстав. Кръстю Георгиев Бонков.
257 _aBGR
260 _aСофия
_bНар. просв.
_c1971
300 _a216 с.
_c20 см
380 _a3
650 0 _9276000
_aИстория, българска
653 7 _9193034
_aосновно образование
700 1 _aБонков, Кръстю Георгиев
_eсъстав.
_9380361
852 _aЦб 57593
_bЦб
856 4 _qpdf
856 4 _qpdf
942 _cKNG
_n0
_04
_s1
944 _aCR
_c28.08.2015
_kВалентина_Караджова
944 _aED
_c2022-06-30
_kКети
999 _d172243